000 00557nam a2200193Ia 4500
005 20250317125953.0
008 008 250317s9999 xx 000 0 eng d
020 _a0-19-828619-8
037 _aTextbook
040 _aFMSL
_beng
_cFMSL
041 _aeng
_2eng
084 _aX8(J).44 M9
_qFMSL
100 _aBardhan Pranab Ed.
245 0 _aEconomic theory of Agrarian institutions
260 _aOxford
_bOxford, Clarendon Press
_c1989
300 _a408p
942 _cTB
_hX8(J).44 M9
999 _c1261725
_d1261725